000 01198nam a22001577a 4500
999 _c518269
_d518269
008 210902b ||||| |||| 00| 0 eng d
100 _aSawhney, R.K., Kaur, N. and Dhingra, P.K.
_929062
245 _aA study on impact of capital structure on profitability of Indian companies
260 _aFocus WTO: The Quarterly Publication of Indian Institute of Foreign Trade 23(1), Jan-Mar, 2021: p.40-44
300 _a23(1), Jan-Mar, 2021: p.40-44
520 _aPreviously many scholars have concluded that overall capital structure is instrumental in guiding firm’s subsequent grown, sustainability and profitability. Financial crisis has aroused lot of interest of researchers to explore the implications of debt in the financial world of the economy. Firms listed on the stock exchange for the years have been successful in gathering have given an indication of presence of the casual relationship between firm’s capital statures this research paper. – Reproduced
650 _aCapital structure, Financial performance, NSE nifty 50 index, CFP
_927227
773 _aFocus WTO: The Quarterly Publication of Indian Institute of Foreign Trade
906 _aCAPITAL STRUCTURE
942 _cAR